| 000 | 00943nam a22001817a 4500 | ||
|---|---|---|---|
| 008 | 090114s2005 xxu||||| |||| 00| 0 ara d | ||
| 082 |
_a327.2 _bم ا ر |
||
| 245 |
_aالدبلوماسية الفاعلة : _cبيتر مارشال ؛ ترجمة أحمد مختار الجمال ؛ مراجعة وتقديم السيد أمين شلبي ؛ توطئة نبيل عياد |
||
| 260 |
_aالقاهرة : _bالمجلس الأعلى للثقافة ،2005 _c2005. |
||
| 300 |
_a261 ص ؛ _c24 سم. |
||
| 490 | 0 |
_921233 _aالمشروع القومى للترجمة ؛ _n899 |
|
| 500 | _a ترجمة لكتاب : Positive Diplomacy / Peter Marshall | ||
| 504 | _aيحتوي علي إرجاعات ببليوجرافية ص250-255 | ||
| 541 |
_aإهداء ؛ _cأحمد مختار الجمال ؛ |
||
| 700 | 1 |
_922019 _aشلبى ، السيد أمين _eمراجعة وتقديم |
|
| 700 | 1 |
_922020 _aعياد ، نبيل _eتوطئة |
|
| 942 |
_2ddc _cBB |
||
| 999 |
_c10338 _d10338 |
||